[Event "SR 4. liga A21 2010/2011"]
[Site "?"]
[Date "2010.10.24"]
[Round "2.4"]
[White "Pagac, Robert"]
[Black "Danihel, Jozef"]
[Result "1-0"]
[WhiteElo "1818"]
[BlackElo "1552"]
[PlyCount "120"]
[EventDate "2010.??.??"]

1. e4 c5 2. Nf3 e6 3. d4 cxd4 4. Nxd4 a6 5. Bd3 Nc6 6. Nf3 b5 7. O-O Qc7 8. a3
h6 9. Re1 Bc5 10. Be3 Bxe3 11. Rxe3 Nf6 12. h3 e5 13. c3 O-O 14. Nh4 Ne7 15.
Rg3 Kh7 16. Bc2 d6 17. Nd2 Ng6 18. Nf5 Bxf5 19. exf5 Ne7 20. Ne4 d5 21. Nxf6+
gxf6 22. Qh5 e4 23. Rg4 Rae8 24. Rd1 Qe5 25. Bb3 Qxf5 26. Rxd5 Qxh5 27. Rxh5
Ng6 28. Bc2 e3 29. fxe3 Rxe3 30. Rgh4 Kg7 31. Bxg6 fxg6 32. Rxh6 f5 33. Rh7+
Kf6 34. Ra7 Re6 35. Rf4 Rd8 36. Rf2 Rdd6 37. Rc7 Rd1+ 38. Kh2 Rde1 39. Rd7 R1e4
40. Rfd2 Re1 41. Kg3 R1e4 42. Kf3 Re3+ 43. Kf2 R3e4 44. R7d6 R4e5 45. Rxe6+
Rxe6 46. Rc2 Rc6 47. Rd2 Re6 48. Kf3 Rc6 49. h4 Re6 50. Rd4 Rc6 51. a4 bxa4 52.
Rxa4 Re6 53. g3 Rd6 54. Rd4 Rc6 55. Kf4 Kg7 56. Ke5 Rb6 57. b4 Rb8 58. Rd7+ Kh6
59. Rd6 Rb5+ 60. Kd4 a5 1-0

[Event "SR 4. liga A21 2010/2011"]
[Site "?"]
[Date "2010.10.24"]
[Round "2.4"]
[White "Planka, Peter"]
[Black "Kubik, Peter"]
[Result "1-0"]
[WhiteElo "1798"]
[BlackElo "1630"]
[PlyCount "109"]
[EventDate "2010.??.??"]

1. e4 e5 2. Nf3 Nc6 3. Bb5 Nf6 4. O-O Nxe4 5. d4 Nd6 6. Bxc6 dxc6 7. dxe5 Nf5
8. Qxd8+ Kxd8 9. Nc3 Ke8 10. Rd1 Be7 11. Ne4 Be6 12. Bg5 Bd5 13. Ned2 Rd8 14.
c3 h6 15. Bxe7 Nxe7 16. c4 Be6 17. Rac1 Nf5 18. b3 Nd4 19. Nxd4 Rxd4 20. Kf1
Ke7 21. Nf3 Rxd1+ 22. Rxd1 c5 23. Ke2 Bf5 24. Ke3 g5 25. h3 Rd8 26. Rxd8 Kxd8
27. Nd2 Ke7 28. f4 Bc2 29. Ne4 gxf4+ 30. Kxf4 Bb1 31. Nc3 Bc2 32. g4 c6 33. h4
a6 34. Ne4 Bb1 35. Nc3 Bd3 36. Ne4 b5 37. Nxc5 Bf1 38. cxb5 axb5 39. b4 Bg2 40.
a3 f6 41. Ne4 fxe5+ 42. Kxe5 Bf3 43. Nf6 Kf7 44. g5 hxg5 45. hxg5 Kg6 46. Kd6
Kxg5 47. Nd7 Kf4 48. Ne5 Be2 49. Nxc6 Ke3 50. Kc5 Kd2 51. Nd4 Bf1 52. Nxb5 Kc2
53. a4 Kb3 54. a5 Ka4 55. Nc7 1-0

[Event "SR 4. liga A21 2010/2011"]
[Site "?"]
[Date "2010.10.24"]
[Round "2.4"]
[White "Vepy, Ivan"]
[Black "Vach, Jozef"]
[Result "1-0"]
[WhiteElo "1935"]
[BlackElo "1900"]
[PlyCount "61"]
[EventDate "2010.??.??"]

1. e4 c5 2. f4 d6 3. Nf3 Nc6 4. d4 cxd4 5. Nxd4 Nf6 6. Nc3 a6 7. Be2 Bd7 8. Be3
b5 9. a3 Qc7 10. h3 e5 11. Nxc6 Bxc6 12. Bf3 Rc8 13. O-O Be7 14. Qe1 O-O 15.
Qg3 Kh8 16. Rf2 Rfe8 17. fxe5 dxe5 18. Raf1 b4 19. axb4 Bxb4 20. Nd5 Bxd5 21.
exd5 Bc5 22. Bxc5 Qxc5 23. Kh1 Nxd5 24. Bxd5 Qxd5 25. Rxf7 Rg8 26. Qf2 Qc5 27.
Qxc5 Rxc5 28. R1f2 g6 29. Re7 Rgc8 30. c3 R8c7 31. Rf8# 1-0

[Event "SR 4. liga A21 2010/2011"]
[Site "?"]
[Date "2010.10.24"]
[Round "2.5"]
[White "Adamec, Jozef"]
[Black "Beran, Jan ml"]
[Result "0-1"]
[WhiteElo "1444"]
[BlackElo "1896"]
[PlyCount "40"]
[EventDate "2010.??.??"]

1. e4 c5 2. Nf3 Nc6 3. Nc3 e6 4. d4 cxd4 5. Nxd4 Nxd4 6. Qxd4 b6 7. Bd3 Bb7 8.
O-O Nf6 9. Bg5 Bc5 10. Qe5 h6 11. Bxf6 gxf6 12. Qh5 Ke7 13. Ne2 Qc7 14. Ng3
Rag8 15. Rae1 Rg5 16. Qe2 h5 17. Kh1 h4 18. Nf5+ exf5 19. exf5+ Kf8 20. h3
Bxg2+ 0-1

[Event "SR 4. liga A21 2010/2011"]
[Site "?"]
[Date "2010.10.24"]
[Round "2.5"]
[White "Barcaj, Jaroslav"]
[Black "Florek, Jozef"]
[Result "1/2-1/2"]
[WhiteElo "1589"]
[BlackElo "1533"]
[PlyCount "77"]
[EventDate "2010.??.??"]

1. b4 e5 2. Bb2 d6 3. e3 Nf6 4. d3 Nd5 5. a3 Be6 6. c4 Nf6 7. Nd2 Nbd7 8. Ngf3
Be7 9. h3 b6 10. b5 a6 11. a4 axb5 12. axb5 O-O 13. Be2 Nc5 14. O-O Qd7 15. Ng5
h6 16. Nxe6 Qxe6 17. Qc2 Qf5 18. e4 Qg6 19. Nb3 Ne6 20. Kh1 Nh5 21. Bf3 Qg5 22.
Ra6 Qh4 23. Bxh5 Qxh5 24. Bc1 Bg5 25. Bxg5 Qxg5 26. g3 Qh5 27. Kg2 Ng5 28. Rh1
Qf3+ 29. Kg1 Rxa6 30. bxa6 Ra8 31. Nd2 Qe2 32. Kg2 Nf3 33. Qd1 Qxd2 34. Qxf3
Rxa6 35. Rd1 Qc3 36. Qg4 Ra8 37. Qd7 Ra7 38. Qc8+ Kh7 39. Qf5+ 1/2-1/2

[Event "SR 4. liga A21 2010/2011"]
[Site "?"]
[Date "2010.10.24"]
[Round "2.5"]
[White "Forner, Marian"]
[Black "Dest, Stanislav"]
[Result "1-0"]
[WhiteElo "1428"]
[BlackElo "1000"]
[PlyCount "113"]
[EventDate "2010.??.??"]

1. e4 e5 2. Bc4 d6 3. d3 Be7 4. h3 Nf6 5. Nf3 Bd7 6. O-O Nc6 7. a3 O-O 8. Nc3
Qc8 9. Kh2 a6 10. Bg5 Qd8 11. Bxf6 Bxf6 12. Nd5 h6 13. c3 Rb8 14. Ng1 Bg5 15.
Nf3 Bf6 16. b4 b5 17. Ba2 Na7 18. Qd2 c6 19. Nxf6+ Qxf6 20. Qe3 Nc8 21. Ng1 Rb7
22. Rac1 Ne7 23. f4 exf4 24. Rxf4 Qg6 25. Rcf1 Be6 26. Bb1 Qh7 27. d4 Qh8 28.
R4f2 Nc8 29. Ne2 Bc4 30. Rg1 Nb6 31. Bc2 Rbb8 32. Nf4 Nd7 33. g4 Nf6 34. Bd3
Bxd3 35. Qxd3 Qh7 36. Re1 Rfe8 37. Rfe2 g5 38. Nh5 Nxh5 39. gxh5 Rb7 40. Qf3
Qg7 41. e5 d5 42. Rg1 Rbe7 43. h4 f6 44. hxg5 fxg5 45. Rf2 Rf8 46. Qe2 Ref7 47.
Rgf1 Rxf2+ 48. Rxf2 Rf4 49. Rxf4 gxf4 50. Qg2 Qg5 51. Qxg5+ hxg5 52. e6 g4 53.
h6 f3 54. Kg3 Kh7 55. e7 Kxh6 56. e8=Q Kg5 57. Qg8+ 1-0

[Event "SR 4. liga A21 2010/2011"]
[Site "?"]
[Date "2010.10.24"]
[Round "2.5"]
[White "Kicinja, Jan"]
[Black "Lanik, Miroslav"]
[Result "1-0"]
[WhiteElo "1808"]
[BlackElo "1871"]
[PlyCount "65"]
[EventDate "2010.??.??"]

1. d4 d5 2. c4 c6 3. cxd5 cxd5 4. Nc3 Nf6 5. Nf3 Nc6 6. Bf4 Bf5 7. a3 e6 8. e3
a6 9. Bd3 Bxd3 10. Qxd3 Bd6 11. Bxd6 Qxd6 12. O-O O-O 13. Rfc1 Rac8 14. h3 Rfd8
15. Rc2 e5 16. dxe5 Nxe5 17. Nxe5 Qxe5 18. Rd1 Rc6 19. Rcd2 Rcd6 20. Qd4 Qe6
21. Qc5 Rc8 22. Qa5 b5 23. a4 bxa4 24. Qxa4 g6 25. e4 Rc4 26. Qb3 Nxe4 27. Rxd5
Rxd5 28. Nxd5 Rc5 29. Qb8+ Kg7 30. Nc7 Qe5 31. Ne8+ Kh6 32. Qd8 Ng5 33. Nf6 {
cierny prekrocil cas} 1-0

[Event "SR 4. liga A21 2010/2011"]
[Site "?"]
[Date "2010.10.24"]
[Round "2.5"]
[White "Palka, Martin"]
[Black "Kurinec, Jozef"]
[Result "1-0"]
[WhiteElo "1855"]
[BlackElo "1837"]
[PlyCount "76"]
[EventDate "2010.??.??"]

1. e4 e5 2. Nf3 d6 3. d4 exd4 4. Nxd4 Be7 5. Nc3 Nf6 6. f3 Bd7 7. Be3 Nc6 8.
Qd2 a6 9. O-O-O b5 10. g4 b4 11. Nd5 Ne5 12. Nxe7 Qxe7 13. Qf2 Bxg4 14. fxg4
Nexg4 15. Qf3 Qxe4 16. Qxe4+ Nxe4 17. Re1 O-O 18. Bg2 Rfe8 19. Bf3 Nxe3 20.
Rxe3 Ng5 21. Rhe1 Rxe3 22. Rxe3 c5 23. Nf5 Nxf3 24. Rxf3 Rd8 25. Rd3 d5 26.
Ne7+ Kf8 27. Nxd5 f5 28. Nc7 Rc8 29. Nxa6 Rc6 30. Nb8 Rc7 31. Nd7+ Ke7 32. Ne5
Ke6 33. Nc4 f4 34. Kd2 g5 35. Ke2 Kf5 36. Kf2 h5 37. Rd5+ Kg4 38. Ne5+ Kh3 1-0

[Event "SR 4. liga A21 2010/2011"]
[Site "?"]
[Date "2010.10.24"]
[Round "2.6"]
[White "Blanarik, Dominik"]
[Black "Kavon, Rastislav"]
[Result "0-1"]
[WhiteElo "1560"]
[BlackElo "1699"]
[PlyCount "50"]
[EventDate "2010.??.??"]

1. e4 c5 2. Nf3 Nc6 3. a3 d6 4. Bc4 Nf6 5. Ng5 e6 6. Nc3 Be7 7. O-O h6 8. Nh3
O-O 9. d3 e5 10. Qf3 Nd4 11. Qg3 Nh5 12. Qe3 Nxc2 13. Qe2 Nxa1 14. Qxh5 Bxh3
15. Qxh3 Nc2 16. Qg3 Kh7 17. f4 exf4 18. Rxf4 Bf6 19. Nd5 Be5 20. Bd2 Bxf4 21.
Nxf4 Nd4 22. Bxf7 Rxf7 23. Qg6+ Kg8 24. Nh3 Ne2+ 25. Kh1 Rf1+ 0-1

[Event "SR 4. liga A21 2010/2011"]
[Site "?"]
[Date "2010.10.24"]
[Round "2.6"]
[White "Cerovsky, Marian"]
[Black "Mackovic, Matus"]
[Result "0-1"]
[WhiteElo "1783"]
[BlackElo "1846"]
[PlyCount "160"]
[EventDate "2010.??.??"]

1. e4 c6 2. Nc3 d5 3. Qf3 d4 4. Nce2 e5 5. Ng3 Nf6 6. h3 Be6 7. d3 Be7 8. Nf5
Bxf5 9. Qxf5 Qc7 10. Bd2 Nbd7 11. a3 c5 12. Qf3 b5 13. b3 O-O 14. Ne2 c4 15.
Ng3 cxb3 16. cxb3 Rfc8 17. Be2 Qc2 18. Nf5 Bf8 19. Rd1 Qxb3 20. O-O Qxa3 21.
Qg3 Kh8 22. f4 Re8 23. fxe5 Nxe5 24. h4 g6 25. Qg5 Ng8 26. Nxd4 Bc5 27. Be3 a6
28. Nf3 Bxe3+ 29. Qxe3 Nxf3+ 30. Rxf3 f6 31. g4 Qd6 32. d4 Qe6 33. Rg3 Qxe4 34.
Qxe4 Rxe4 35. Bf3 Re3 36. Kf2 Rae8 37. d5 Rc3 38. d6 Kg7 39. Rgg1 Nh6 40. d7
Rd8 41. Rge1 Rc7 42. Re7+ Nf7 43. h5 Kf8 44. Re6 Rdxd7 45. Rxd7 Rxd7 46. Rxa6
Rd6 47. Ra8+ Kg7 48. Rb8 Rd2+ 49. Ke3 Rb2 50. Bd5 Ng5 51. Rb7+ Kh6 52. Rb6 Rb4
53. Rxf6 Rxg4 54. hxg6 hxg6 55. Rb6 b4 56. Rb8 Kg7 57. Kd3 Nh3 58. Kc2 Rd4 59.
Ba2 Nf4 60. Kb3 Nd3 61. Bb1 g5 62. Bxd3 Rxd3+ 63. Kxb4 Kg6 64. Kc4 Rd1 65. Rg8+
Kf5 66. Kc3 Kf4 67. Kc2 Rd7 68. Rf8+ Kg3 69. Rg8 g4 70. Rg6 Kh3 71. Rh6+ Kg2
72. Rg6 g3 73. Rg8 Kh2 74. Rh8+ Kg1 75. Rg8 g2 76. Rg6 Rf7 77. Rd6 Kf2 78. Rd2+
Kg3 79. Rd1 Kh2 80. Rd2 Kh1 0-1

[Event "SR 4. liga A21 2010/2011"]
[Site "?"]
[Date "2010.10.24"]
[Round "2.6"]
[White "Hanzalik, Alojz"]
[Black "Lezovic, Martin"]
[Result "0-1"]
[WhiteElo "1383"]
[BlackElo "1516"]
[PlyCount "98"]
[EventDate "2010.??.??"]

1. e4 e5 2. Nc3 Nf6 3. d3 Bc5 4. Be2 O-O 5. Bg5 h6 6. Bxf6 Qxf6 7. Nf3 d6 8.
Nd5 Qd8 9. O-O c6 10. Nc3 f5 11. Na4 Bb6 12. b3 Qe8 13. Nxb6 axb6 14. c3 Be6
15. h3 Nd7 16. Nh2 g5 17. f3 Qg6 18. g4 f4 19. Rf2 h5 20. Rg2 Nf6 21. Kh1 hxg4
22. fxg4 Qh6 23. Nf1 Kg7 24. Rh2 Rh8 25. Bf3 Kf7 26. Qe2 b5 27. c4 b4 28. Rd1
c5 29. Rd2 Bd7 30. Qf2 Rh7 31. Be2 Rah8 32. Bf3 Qg7 33. Qg2 Rh4 34. Qg1 Rxh3
35. Rxh3 Rxh3+ 36. Kg2 Rh4 37. Kf2 Bxg4 38. Bxg4 Rxg4 39. Qh1 Rh4 40. Qg2 g4
41. Ke1 Qg5 42. Kd1 f3 43. Qg1 Nh5 44. Rh2 g3 45. Rf2 Qf4 46. Rd2 g2 47. Rf2
gxf1=Q+ 48. Qxf1 Ng3 49. Rxf3 Nxf1 0-1

[Event "SR 4. liga A21 2010/2011"]
[Site "?"]
[Date "2010.10.24"]
[Round "2.6"]
[White "Jablonicky, Martin"]
[Black "Damborsky, Pavol"]
[Result "0-1"]
[WhiteElo "1884"]
[BlackElo "1649"]
[PlyCount "64"]
[EventDate "2010.??.??"]

1. d4 d5 2. Nf3 Nc6 3. c4 dxc4 4. e3 b5 5. a4 Ba6 6. axb5 Bxb5 7. Na3 a6 8.
Bxc4 Bxc4 9. Nxc4 e6 10. O-O Bd6 11. d5 exd5 12. Qxd5 Bxh2+ 13. Nxh2 Qxd5 14.
Na3 Nf6 15. Nf3 O-O 16. Bd2 Qh5 17. Bc3 Ne4 18. Nc4 Nxc3 19. bxc3 Rfd8 20. Rfd1
Rxd1+ 21. Rxd1 Rd8 22. Rb1 Qc5 23. Ncd2 h6 24. Ne4 Qf5 25. Ned2 Qc2 26. Ra1 a5
27. c4 Rxd2 28. Nxd2 Qxd2 29. Rb1 a4 30. Ra1 Nb4 31. Rxa4 Qd1+ 32. Kh2 Qxa4 0-1

[Event "SR 4. liga A21 2010/2011"]
[Site "?"]
[Date "2010.10.24"]
[Round "2.6"]
[White "Rau, Vladimir"]
[Black "Pisecky, Jan"]
[Result "0-1"]
[WhiteElo "1637"]
[BlackElo "1529"]
[PlyCount "176"]
[EventDate "2010.??.??"]

1. d4 e6 2. c4 c6 3. Nc3 Bb4 4. Bd2 d5 5. e3 Nf6 6. Nf3 Nbd7 7. c5 Bxc3 8. Bxc3
Ne4 9. Qc2 Ndf6 10. Bd3 h6 11. O-O Ng5 12. Ne5 Nge4 13. f3 Nxc3 14. Qxc3 Nd7
15. Nxd7 Bxd7 16. e4 Qf6 17. a4 a6 18. b4 O-O 19. e5 Qe7 20. Qd2 f5 21. f4 g5
22. g3 g4 23. Rf2 h5 24. Qe1 Kg7 25. Rb2 Rh8 26. b5 h4 27. bxa6 bxa6 28. a5
hxg3 29. hxg3 Rh6 30. Rh2 Rxh2 31. Kxh2 Rh8+ 32. Kg1 Kg6 33. Qf2 Qh7 34. Qg2
Bc8 35. Rb1 Bb7 36. Rb6 Ra8 37. Qb2 Rb8 38. Qg2 Ra8 39. Qh2 Qxh2+ 40. Kxh2 Ra7
41. Bc2 Kf7 42. Ba4 Ke7 43. Bxc6 Bxc6 44. Rxc6 Kd7 45. Rd6+ Ke7 46. Kg2 Kf7 47.
Kf2 Ke7 48. Rb6 Kd7 49. c6+ Kc7 50. Ke2 Ra8 51. Kf1 Ra7 52. Ke2 Ra8 53. Kd3 Rh8
54. Kc3 Rh3 55. Kb4 Rxg3 56. Kc5 Rc3+ 57. Kb4 Rc4+ 58. Kb3 g3 59. Rxa6 g2 60.
Ra7+ Kxc6 61. Rg7 Kb5 62. a6 Kxa6 63. Rxg2 Rxd4 64. Rg6 Rxf4 65. Rxe6+ Kb5 66.
Rf6 Kc5 67. Kc3 d4+ 68. Kd3 Kd5 69. e6 Kd6 70. Kc4 Ke7 71. Rh6 Re4 72. Kd5 d3
73. Rh7+ Kf6 74. Rh6+ Kg5 75. Rh2 Re2 76. e7 Rxe7 77. Rd2 Rd7+ 78. Ke6 Rd8 79.
Ke5 Re8+ 80. Kd5 Kf4 81. Rxd3 Rd8+ 82. Kc4 Rxd3 83. Kxd3 Kf3 84. Kd2 Kf2 85.
Kd1 f4 86. Kd2 f3 87. Kd1 Kf1 88. Kd2 f2 0-1

[Event "SR 4. liga A21 2010/2011"]
[Site "?"]
[Date "2010.11.07"]
[Round "3.1"]
[White "Berger, Patrik"]
[Black "Jablonicky, Martin"]
[Result "1/2-1/2"]
[WhiteElo "1720"]
[BlackElo "1884"]
[PlyCount "36"]
[EventDate "2010.??.??"]

1. e4 c6 2. d4 d5 3. Nc3 dxe4 4. Nxe4 Bf5 5. Ng3 Bg6 6. h4 h6 7. Nf3 Nd7 8. Bd3
Bxd3 9. Qxd3 Ngf6 10. Bf4 e6 11. O-O Nd5 12. Bd2 Be7 13. c4 N5f6 14. Rfe1 O-O
15. Bf4 Bb4 16. Re2 Ba5 17. Bd6 Re8 18. b4 Bc7 1/2-1/2

[Event "SR 4. liga A21 2010/2011"]
[Site "?"]
[Date "2010.11.07"]
[Round "3.1"]
[White "Harasta, Marian"]
[Black "Rau, Vladimir"]
[Result "0-1"]
[WhiteElo "1663"]
[BlackElo "1637"]
[PlyCount "66"]
[EventDate "2010.??.??"]

1. d4 d5 2. c4 Nf6 3. Nc3 e6 4. Nf3 c5 5. e3 Nc6 6. Be2 Be7 7. b3 Bd7 8. Ba3 b6
9. O-O O-O 10. Qc2 Rc8 11. Bd3 dxc4 12. bxc4 Nb4 13. Bxb4 cxb4 14. Ne4 h6 15.
Ne5 Be8 16. f4 b5 17. a3 Nd5 18. Qd2 bxc4 19. Bxc4 bxa3 20. Rfc1 f6 21. Nd3 a5
22. Nec5 Bf7 23. Rxa3 Ra8 24. Rca1 Re8 25. Rxa5 Rxa5 26. Rxa5 Nxe3 27. Nxe6
Nxc4 28. Nxd8 Nxd2 29. Nc6 Bf8 30. g4 Bc4 31. Nf2 Nb3 32. Ra7 Bd5 33. Ra6 Re1#
0-1

[Event "SR 4. liga A21 2010/2011"]
[Site "?"]
[Date "2010.11.07"]
[Round "3.1"]
[White "Kavon, Rastislav"]
[Black "Harasta, Juraj"]
[Result "1-0"]
[WhiteElo "1699"]
[BlackElo "1706"]
[PlyCount "111"]
[EventDate "2010.??.??"]

1. e4 e5 2. Nf3 Nc6 3. Bc4 Bc5 4. c3 Nf6 5. d3 d6 6. h3 Be6 7. Nbd2 O-O 8. O-O
Qe7 9. Re1 Kh8 10. Bb5 Rad8 11. Bxc6 bxc6 12. Qc2 Nh5 13. Nf1 h6 14. b4 Bb6 15.
a4 c5 16. a5 cxb4 17. axb6 b3 18. Qb2 axb6 19. Ng3 Nxg3 20. fxg3 f5 21. Be3
fxe4 22. dxe4 b5 23. Nd2 Qf7 24. Reb1 Qg6 25. Kh2 c5 26. Nxb3 Qxe4 27. Bg1 Bf5
28. Re1 Qb7 29. Nd2 e4 30. Re2 Qc6 31. Nb3 Rb8 32. Ra7 Rb7 33. Rxb7 Qxb7 34.
Nd2 Qc6 35. Nb3 Rb8 36. Be3 Kh7 37. Rf2 Be6 38. Qc2 b4 39. cxb4 Rxb4 40. Nd2
Qa4 41. Qc3 Qb5 42. Rf4 Bd5 43. Rf5 Be6 44. Rf4 Qb7 45. Qc2 Bd5 46. g4 Rb2 47.
Qc1 Qb4 48. g5 Qa3 49. Qe1 h5 50. g6+ Kxg6 51. Qg3+ Kh7 52. Rf5 Be6 53. Rxh5+
Kg8 54. Qxd6 Qxe3 55. Qxe6+ Kf8 56. Rf5# 1-0

[Event "SR 4. liga A21 2010/2011"]
[Site "?"]
[Date "2010.11.07"]
[Round "3.1"]
[White "Lezovic, Martin"]
[Black "Jarabek, Milan"]
[Result "1/2-1/2"]
[WhiteElo "1516"]
[BlackElo "1522"]
[PlyCount "59"]
[EventDate "2010.??.??"]

1. e4 c5 2. Nf3 d6 3. g3 Nf6 4. d3 Bg4 5. Bg2 Nc6 6. Be3 g6 7. Nbd2 Bg7 8. Rb1
Nd7 9. O-O Nde5 10. Qc1 Qd7 11. Nxe5 Nxe5 12. Bf4 O-O 13. f3 Bh3 14. Be3 Bxg2
15. Kxg2 Nc6 16. f4 Nd4 17. c3 Nc6 18. f5 Ne5 19. Qc2 Ng4 20. Rbe1 Nxe3+ 21.
Rxe3 d5 22. fxg6 hxg6 23. Nf3 e6 24. e5 Rac8 25. Qe2 Bh6 26. h4 Bxe3 27. Qxe3
Kg7 28. h5 Qe7 29. h6+ Kg8 30. Ng5 1/2-1/2

[Event "SR 4. liga A21 2010/2011"]
[Site "?"]
[Date "2010.11.07"]
[Round "3.1"]
[White "Mackovic, Matus"]
[Black "Brisudova, Veronika"]
[Result "1-0"]
[WhiteElo "1846"]
[BlackElo "1797"]
[PlyCount "35"]
[EventDate "2010.??.??"]

1. e4 c5 2. Nf3 d6 3. d4 cxd4 4. Nxd4 Nf6 5. Nc3 a6 6. Be3 e5 7. Nf3 Be6 8. Ng5
Bd7 9. Bc4 d5 10. Nxd5 Ng4 11. Nxf7 Kxf7 12. Bb6 Qh4 13. Nc7+ Kg6 14. Nxa8 Bc6
15. g3 Qg5 16. h4 Qh5 17. f3 Qh6 18. h5+ 1-0

[Event "SR 4. liga A21 2010/2011"]
[Site "?"]
[Date "2010.11.07"]
[Round "3.2"]
[White "Beran, Jan st"]
[Black "Sprusansky, Ferdinand"]
[Result "1-0"]
[WhiteElo "1720"]
[BlackElo "1455"]
[PlyCount "115"]
[EventDate "2010.??.??"]

1. d4 d5 2. c4 e6 3. Nc3 Nf6 4. e3 c5 5. dxc5 Bxc5 6. cxd5 exd5 7. Nf3 O-O 8.
Be2 Re8 9. O-O Nc6 10. Qc2 Nb4 11. Qd1 Bf5 12. Ne1 a6 13. a3 Nc6 14. Bf3 d4 15.
Na4 Qd6 16. Nxc5 Qxc5 17. Bxc6 bxc6 18. exd4 Rad8 19. Nf3 Qd6 20. Be3 h6 21.
Rc1 Be4 22. h3 Rb8 23. b4 Nd5 24. Re1 Rbc8 25. Nd2 Qg6 26. Nxe4 Qxe4 27. Qd2
Re6 28. Bxh6 Qg6 29. Rxe6 Qxe6 30. Be3 Ne7 31. Re1 Qg6 32. Rd1 Nf5 33. Qd3 Rd8
34. Re1 Rd5 35. Qxa6 Nh4 36. Qc8+ Kh7 37. Qg4 Rh5 38. Qxg6+ Nxg6 39. Rc1 Ne7
40. Rc5 Rxc5 41. dxc5 Kg8 42. a4 Kf8 43. b5 cxb5 44. axb5 Ke8 45. b6 Kd7 46. g4
Kc6 47. Kg2 g6 48. Kf3 Nd5 49. h4 Nf6 50. Kf4 Nh7 51. Ke4 Nf6+ 52. Kf3 Nd5 53.
g5 Ne7 54. Kg4 Ng8 55. h5 f5+ 56. gxf6 Nxf6+ 57. Kg5 Nxh5 58. Kxg6 1-0

[Event "SR 4. liga A21 2010/2011"]
[Site "?"]
[Date "2010.11.07"]
[Round "3.2"]
[White "Blanarik, Dominik"]
[Black "Beran, Jan ml"]
[Result "0-1"]
[WhiteElo "1560"]
[BlackElo "1896"]
[PlyCount "94"]
[EventDate "2010.??.??"]

1. e4 c5 2. Nf3 Nc6 3. d4 cxd4 4. Nxd4 e5 5. Nxc6 bxc6 6. Nc3 Nf6 7. Bg5 Be7 8.
Bc4 Nxe4 9. Bxe7 Nxc3 10. Bxd8 Nxd1 11. Rxd1 Kxd8 12. Bxf7 Rf8 13. Bb3 Kc7 14.
O-O a5 15. a4 d5 16. Rfe1 e4 17. c4 Rb8 18. Re3 dxc4 19. Bxc4 Rxb2 20. Rxe4 Rd8
21. Re7+ Rd7 22. Rdxd7+ Bxd7 23. f3 Kd6 24. Rxg7 Bf5 25. g4 Bg6 26. Ra7 Rb4 27.
Bg8 Rxa4 28. h4 h5 29. Rg7 Be8 30. Kf2 c5 31. Bf7 Bxf7 32. Rxf7 hxg4 33. h5
gxf3 34. h6 Rh4 35. h7 a4 36. Ra7 a3 37. Rxa3 Rxh7 38. Rxf3 Kd5 39. Ke3 Kc4 40.
Kd2 Rh2+ 41. Kc1 Kb4 42. Re3 c4 43. Re4 Kb3 44. Rd4 Kc3 45. Rd1 Kb3 46. Re1 c3
47. Rf1 Ra2 0-1

[Event "SR 4. liga A21 2010/2011"]
[Site "?"]
[Date "2010.11.07"]
[Round "3.2"]
[White "Cerovsky, Marian"]
[Black "Palka, Martin"]
[Result "1/2-1/2"]
[WhiteElo "1783"]
[BlackElo "1855"]
[PlyCount "47"]
[EventDate "2010.??.??"]

1. e4 c5 2. Nc3 Nc6 3. Nf3 g6 4. a3 Bg7 5. Bc4 e6 6. d3 d6 7. Bd2 Nge7 8. O-O
O-O 9. Qc1 Nd4 10. Nxd4 cxd4 11. Ne2 a6 12. Bh6 e5 13. Bxg7 Kxg7 14. Ng3 h6 15.
f4 exf4 16. Qxf4 Nc6 17. Ne2 Qe7 18. Qf2 Qe5 19. Bd5 Bg4 20. Nc1 Be6 21. Bxe6
fxe6 22. Qe2 Rxf1+ 23. Qxf1 Rf8 24. Qe2 1/2-1/2

[Event "SR 4. liga A21 2010/2011"]
[Site "?"]
[Date "2010.11.07"]
[Round "3.2"]
[White "Lanik, Miroslav"]
[Black "Kovarik, Oto"]
[Result "0-1"]
[WhiteElo "1871"]
[BlackElo "2025"]
[PlyCount "102"]
[EventDate "2010.??.??"]

1. e4 c5 2. Nf3 e6 3. d4 cxd4 4. Nxd4 Nc6 5. Nc3 a6 6. Be3 d6 7. f4 Nf6 8. Qf3
Be7 9. O-O-O Qc7 10. g4 Nxd4 11. Bxd4 e5 12. fxe5 dxe5 13. Qg3 Nxg4 14. Nd5 Qd6
15. Bb6 O-O 16. Kb1 Bd8 17. Bxd8 Rxd8 18. Be2 f5 19. exf5 Nf6 20. Nxf6+ Qxf6
21. Rxd8+ Qxd8 22. Qxe5 Qf8 23. Bc4+ Kh8 24. b3 Bd7 25. Be6 Re8 26. Re1 Qe7 27.
Rg1 Bxe6 28. fxe6 Qf6 29. Qc7 Qe7 30. Qe5 Kg8 31. h4 g6 32. h5 Qxe6 33. Qg3 Kg7
34. Rd1 Re7 35. a4 Qe2 36. Rh1 Qe4 37. Rg1 Qe5 38. Qxe5+ Rxe5 39. hxg6 hxg6 40.
Kb2 g5 41. c4 Kf6 42. Rf1+ Rf5 43. Rd1 Re5 44. b4 g4 45. Kc3 g3 46. Kd4 Rg5 47.
Rg1 g2 48. b5 Ke6 49. a5 Kd6 50. c5+ Kc7 51. Kc4 Rg4+ 0-1

[Event "SR 4. liga A21 2010/2011"]
[Site "?"]
[Date "2010.11.07"]
[Round "3.2"]
[White "Tokos, Rastislav"]
[Black "Damborsky, Pavol"]
[Result "1/2-1/2"]
[WhiteElo "1933"]
[BlackElo "1649"]
[PlyCount "119"]
[EventDate "2010.??.??"]

1. e4 e5 2. Nf3 d6 3. d4 exd4 4. Qxd4 Nc6 5. Bb5 Bd7 6. Bxc6 Bxc6 7. Bf4 Qf6 8.
e5 Qe6 9. Qe3 Bxf3 10. gxf3 Ne7 11. exd6 cxd6 12. Qxe6 fxe6 13. Bxd6 Nf5 14.
Be5 Bc5 15. c3 O-O 16. Nd2 Rad8 17. Ne4 Be7 18. Rd1 Nh4 19. Rxd8 Rxd8 20. Ke2
Rf8 21. Rg1 g6 22. f4 Nf5 23. Rd1 Rd8 24. Rxd8+ Bxd8 25. Bb8 Bb6 26. Ng5 Ng7
27. Be5 h6 28. Bxg7 hxg5 29. Bh6 gxf4 30. Bxf4 Kf7 31. Be3 Bc7 32. Bxa7 Bxh2
33. a4 Ke7 34. Bc5+ Kd7 35. a5 Kc6 36. b4 Bc7 37. Kd3 Bxa5 38. bxa5 Kxc5 39.
Ke4 Kc4 40. Ke5 Kxc3 41. Kxe6 Kb4 42. Kf6 Kxa5 43. Kxg6 b5 44. f4 b4 45. f5 b3
46. f6 b2 47. f7 b1=Q+ 48. Kg7 Qg1+ 49. Kh7 Qh2+ 50. Kg7 Qg3+ 51. Kh7 Qh4+ 52.
Kg7 Qg5+ 53. Kh7 Qf6 54. Kg8 Qg6+ 55. Kh8 Qf6+ 56. Kg8 Qe6 57. Kg7 Qe7 58. Kg8
Qg5+ 59. Kh7 Qe7 60. Kg8 1/2-1/2

[Event "SR 4. liga A21 2010/2011"]
[Site "?"]
[Date "2010.11.07"]
[Round "3.3"]
[White "Davidik, Miroslav"]
[Black "Selko, Jaroslav"]
[Result "1/2-1/2"]
[WhiteElo "1479"]
[BlackElo "1414"]
[PlyCount "59"]
[EventDate "2010.??.??"]

1. c4 d6 2. d4 c6 3. Nc3 h6 4. h3 Nd7 5. Bf4 Ngf6 6. Nf3 Nh5 7. Bh2 Nb6 8. e3
e6 9. a3 Be7 10. b3 Nf6 11. Bd3 Nbd7 12. e4 O-O 13. e5 dxe5 14. dxe5 Nh7 15.
Bxh7+ Kxh7 16. Qc2+ Kg8 17. O-O a6 18. b4 b5 19. c5 Qc7 20. Ne4 Bb7 21. Rad1
Rad8 22. Rfe1 a5 23. Nd6 Nb8 24. Nd4 Na6 25. bxa5 Bxd6 26. exd6 Qxa5 27. Ra1
Rd7 28. Bg3 Qa4 29. Qc3 Qc4 30. Rac1 1/2-1/2

[Event "SR 4. liga A21 2010/2011"]
[Site "?"]
[Date "2010.11.07"]
[Round "3.3"]
[White "Florek, Jozef"]
[Black "Vepy, Ivan"]
[Result "0-1"]
[WhiteElo "1533"]
[BlackElo "1935"]
[PlyCount "50"]
[EventDate "2010.??.??"]

1. e4 e5 2. Nf3 Nc6 3. Bc4 Nf6 4. Nc3 Be7 5. O-O O-O 6. d3 d6 7. h3 Na5 8. Bb3
Nxb3 9. axb3 h6 10. Nh2 Nh7 11. f4 f5 12. Qh5 fxe4 13. Nxe4 d5 14. Nc3 Rf5 15.
Qg6 e4 16. Qg3 Bh4 17. Qe3 d4 18. Qxe4 Nf6 19. Qe2 dxc3 20. bxc3 Nd5 21. c4 Bf6
22. Ra5 Nc3 23. Qd2 Rxa5 24. Bb2 Ne2+ 25. Kh1 Ng3+ 0-1

[Event "SR 4. liga A21 2010/2011"]
[Site "?"]
[Date "2010.11.07"]
[Round "3.3"]
[White "Hrubsa, Marian"]
[Black "Adamec, Jozef"]
[Result "1-0"]
[WhiteElo "1979"]
[BlackElo "1444"]
[PlyCount "83"]
[EventDate "2010.??.??"]

1. e4 e5 2. Nf3 d6 3. d4 exd4 4. Qxd4 Nc6 5. Bb5 a6 6. Bxc6+ bxc6 7. O-O c5 8.
Qd3 Be7 9. Re1 Be6 10. Nc3 Nf6 11. b3 O-O 12. Bb2 Nh5 13. Qe3 c6 14. Rad1 Qc7
15. Ng5 Bd7 16. f4 h6 17. Nf3 Bg4 18. h3 Bxf3 19. Qxf3 Nf6 20. Ne2 Nh7 21. Ng3
g6 22. Qg4 Bf6 23. Bxf6 Nxf6 24. Qh4 Kg7 25. e5 dxe5 26. fxe5 Nd5 27. Qg4 Kh7
28. c4 Nb6 29. Rd6 Rad8 30. Red1 Qe7 31. Qe4 Nc8 32. Rxd8 Rxd8 33. Rxd8 Qxd8
34. Qxc6 Qd4+ 35. Kh2 Ne7 36. Qf6 Nf5 37. Qxf7+ Ng7 38. e6 Qd8 39. Ne4 g5 40.
e7 Qb8+ 41. Kg1 Qf4 42. Nf6+ 1-0

[Event "SR 4. liga A21 2010/2011"]
[Site "?"]
[Date "2010.11.07"]
[Round "3.3"]
[White "Sladek, Tibor"]
[Black "Kubik, Peter"]
[Result "0-1"]
[WhiteElo "1426"]
[BlackElo "1630"]
[PlyCount "52"]
[EventDate "2010.??.??"]

1. e4 e5 2. Nf3 Nc6 3. a3 Nf6 4. Nc3 Bc5 5. Bb5 d6 6. Bxc6+ bxc6 7. h3 O-O 8.
O-O Nh5 9. d4 exd4 10. Nxd4 Qh4 11. Be3 Nf4 12. Bxf4 Qxf4 13. Qf3 Qg5 14. Qe3
Qf6 15. Rad1 a5 16. Nce2 Rb8 17. Rb1 Re8 18. c3 Ba6 19. Rfe1 d5 20. Ng3 dxe4
21. Nxe4 Qg6 22. Qf3 Bd6 23. Nxc6 Bb7 24. Nxb8 Rxe4 25. Qd1 Rxe1+ 26. Qxe1
Qxg2# 0-1